Top 15 Box-Office français en 2024 - Statistiques

Statistiques générales
  • Ce quiz a été pris 61 fois
  • Le résultat moyen est 5 sur 15
Statistiques - réponses
Entrées Films % Correct
9 346 024 Le comte de Monte-Cristo
96%
10 808 172 Un p'tit truc en plus
76%
4 761 581 L'Amour ouf
57%
8 427 652 Vice-Versa 2
43%
5 976 317 Vaiana 2
31%
3 716 702 Deadpool et Wolverine
28%
4 203 460 Dune, deuxième partie
26%
2 818 408 Gladiator 2
26%
2 021 940 Monsieur Aznavour
24%
4 510 260 Moi, moche et méchant 4
15%
1 956 846 Cocorico
11%
1 775 265 Le Robot Sauvage
11%
2 003 626 Bob Marley : One Love
9%
2 487 931 La Planète des singes : Le Nouveau Royaume
9%
2 395 786 Kung Fu Panda 4
7%
Aucun quiz correspondant
Distribution des résultats
% des personnes avec chaque résultat
Percentile par nombre de réponses
Votre historique - résultats
Vous n’avez pas pris ce quiz